Statystyki dla Sklepy odzieżowe

Kliknij tutaj aby rozwiązać quiz!

Ogólne statystyki

  • Ten quiz został rozwiązany 224 razy
  • Średni wynik to 7 z 15

Statystyki odpowiedzi

HintOdpowiedź% Poprawnych
HH&M
92%
ZZara
89%
BBershka
81%
RReserved
80%
SSinsay
80%
HHouse
58%
SStradivarius
46%
PPull&Bear
45%
NNew yorker
35%
LLevis
29%
SShein
28%
DDiverse
19%
TTkmaxx
19%
MMango
15%
PPrimark
10%

Rozkład punktacji

Percentyl według liczby udzielonych odpowiedzi

Procent ludzi z każdym wynikiem

Twoja historia wyników

Nie rozwiązałeś tego quizu